Zwischen Humboldt und Darwin

Titel: Zwischen Humboldt und Darwin : Naturforschung und Menschenbild bei Alexander Graf Keyserling
Verfasser:
In: Baltisches Welterlebnis, (2007), Seite 85-115
alle Artikel anzeigen
Veröffentlicht: 2007
Format: Aufsatz
Sprache: Deutsch
Kein Bild verfügbar
X
alg: 39222445
001A    $01999:11-11-16 
001B    $01999:16-05-21 $t20:25:26.000 
001D    $01999:11-11-16 
001U    $0utf8 
001X    $00 
002@    $0Aox 
003@    $0392224453 
007A    $0392224453 $aHEB 
007T    $0Herdc0043157m 
010@    $ager 
011@    $a2007 
021A    $aZwischen Humboldt und Darwin $dNaturforschung und Menschenbild bei Alexander Graf Keyserling 
028A    $aTaterka $dThomas 
031A    $h85-115 $j2007 
039B    $aIn $8--Aau--. Baltisches Welterlebnis. - Heidelberg : Winter, 2007. - 586 S.. - Ill.. - ISBN 978-3-8253-5376-6 $x200700000000000915 $9190652160 
045F    $a929.094798 $eDDC23BSB 
045F/01 $a929 
045F/03 $g4798 

lok: 39222445 78

exp: 39222445 78 1 #EPN
201B/01 $019-04-17 $t11:06:14.000 
201U/01 $0utf8 
203@/01 $0788320718 
208@/01 $a11-11-16 $be 
209A/01 $a/ $f000 $x00 
220C/01 $aTitelaufnehmer: kk;sk 
220C/01 $aHerkunft: HI Marburg 
244Z/01 $2Trx $#Estija $#Igaunija $#Estland $#Estonia $#Estonia $#Estónsko $#Estonsko $8--Trx--Eesti $x01 $9391237225 
244Z/01 $2Trx $8--Trx--Keyserling, Alexander von$Z1815-1891 $x02 $9390983314 
244Z/01 $2Trx $8--Trx--Harnack, Adolf von$Z1851-1930 $x03 $9390856851 
244Z/01 $2Trx $#loodusteadlased $#gamtininkai $#scientists $#természettudós $#przyrodnicy $#prírodovedci $#přírodovědci $8--Trx--Naturwissenschaftler $x04 $9391374435 
244Z/01 $2Trx $#allikmaterial $#šaltiniai $#Source material, historical $#források $#źródła $#pramene $#prameny $8--Trx--Quellen $x05 $9391358375 
244Z/01 $2Trx $#päevaraamatud $#dienoraščiai $#Diaries $#naplók $#dzienniki diariusze $#denníky $#deníky $#journals $#pamiętniki $8--Trx--Tagebücher $x06 $939136670X 
244Z/01 $2Trx $8--Trx--Einzelbeiträge $x07 $9391384570 
245Z/01 $a12.03 $x01 
247C/01 $82080>Marburg/Lahn, Herder-Institut, Forschungsbibliothek, Bibliographieportal $9336309341
LEADER 00000caa a22000002c 4500
001 392224453
003 DE-603
005 20210516202526.0
007 tu
008 161111s2007 xx |||| | u00||u|ger c
035 |a (DE-599)HEB392224453 
040 |a DE-603  |b ger  |c DE-603  |d DE-603 
041 |a ger 
082 0 4 |8 1\u  |a 929.094798  |q DE-101  |2 23/BSB 
085 |8 1\u  |b 929 
085 |8 1\u  |z 2  |s 4798 
100 1 |a Taterka, Thomas 
245 0 0 |a Zwischen Humboldt und Darwin  |b Naturforschung und Menschenbild bei Alexander Graf Keyserling 
264 0 |c 2007 
773 0 8 |i In  |t Baltisches Welterlebnis  |d Heidelberg : Winter, 2007  |h 586 S., Ill.  |z 9783825353766  |z 3825353761  |g (2007), Seite 85-115  |w (DE-603)190652160 
924 0 |9 2080  |a (DE-603)788320718  |b DE-2080  |c HES  |d d  |g /